000 00541nam a22002177a 4500
001 86859
003 UA-OsUOA
005 20211108211153.0
007 ta
008 20120912b un ||||| |||| 00| 0 ukr d
040 _aUA-OsUOA
_brus
_cUA-OsUOA
_dUA-OsUOA
041 _arus
080 _a94(47+57)
090 _a94(47+57)
_bГ39
245 _aГерои подполья
_cХарченко Ю. И.
260 _aМ.
_bПолитиздат
_c1970
300 _a591 с.
650 7 _a94 Історія
_2UDC
942 _cBK
_2udc
955 _a2
999 _c373028
_d373028